Hviezdne čítanie úryvok z knihy Kamoš obor

Bibliographic Details
Format: Article
Language:Slovak
ISSN:0139-8962
Subjects:

MARC

LEADER 00000nab a2200000 a 4500
001 vtls010563149
003 SK-MaSNL
005 20260303085417.0
008 131205 2013xo m 000 0 slo
015 |a SNBBRB 2013/12 
038 |a KEKMK 
040 |a KEKMK  |b slo  |c KEKMK  |e AACR2 
041 |a slo 
044 |a xo  |c SK 
245 0 0 |a Hviezdne čítanie  |b úryvok z knihy Kamoš obor 
500 |a Knihu odporúča spevák a herec Tomas Puskailer. 
650 0 7 |a literatúra pre deti a mládež  |2 kekmk  |9 21893 
773 |t Zornička  |b časopis pre malých školákov  |g Roč. 65, č. december 2013, s. 12-13  |x 0139-8962 
958 |a DB 
999 |c 1799113  |d 1801043